[Event "HET 2003"]
[Site "HET 2003"]
[Date "2003.11.15"]
[Round "6.9"]
[White "Becker-Bertau, Friedrich"]
[Black "Diehl, Alexander"]
[Result "0-1"]
[WhiteElo "1827"]
[BlackElo "1898"]
[PlyCount "84"]
[EventDate "2003.??.??"]

1. d4 d5 2. Nf3 Nf6 3. Bf4 e6 4. e3 c5 5. c3 Nc6 6. Nbd2 Bd6 7. Bxd6 Qxd6 8.
dxc5 Qxc5 9. Nb3 Qb6 10. Be2 O-O 11. O-O Na5 12. Nxa5 Qxa5 13. b4 Qa3 14. Qd4
Bd7 15. Ne5 Ba4 16. Bd3 Rfd8 17. g4 Be8 18. Rfb1 b5 19. g5 Ne4 20. Rb3 Qa6 21.
Bxe4 dxe4 22. Qxe4 f6 23. gxf6 gxf6 24. Ng4 e5 25. Qf3 Kg7 26. Ra3 Qe6 27. e4
Bh5 28. h3 Rg8 29. Kh2 Bxg4 30. hxg4 (30. Qxg4+ Qxg4 31. hxg4 Rgc8 32. Ra5 a6 (
32... Rxc3 33. Rxb5 Rc4 34. Rb7+ Kg6) 33. a4) 30... Kf7 31. Rg1 Rg5 32. Qh3 h5
33. f3 a6 34. Rg3 Rd8 35. Qg2 Rdg8 36. Qf2 hxg4 37. Qa7+ Kg6 38. Rxa6 Qc4 39.
Qe3 Rh8+ (39... Qf1 40. Qxg5+ Kxg5 41. Rxg4+ Kh5 42. Rxg8 Qf2+ 43. Rg2) 40. Kg1
$2 (40. Kg2 Rh4 (40... Rh3 41. Qxg5+ Kxg5 42. Rxg4+) 41. Ra7 gxf3+ 42. Qxf3
Qxe4 43. Rxg5+ fxg5 44. Ra6+ Kg7 45. Qxe4 Rxe4 46. Rb6 Re2+ 47. Kg3 $11) 40...
Rh1+ $1 41. Kxh1 Qf1+ 42. Qg1 Rh5+ 0-1

[Event "HET 2003"]
[Site "HET 2003"]
[Date "2003.11.15"]
[Round "6.10"]
[White "Knops, Peter"]
[Black "Emami, Madjid"]
[Result "0-1"]
[WhiteElo "1878"]
[BlackElo "2087"]
[PlyCount "58"]
[EventDate "2003.??.??"]

1. e4 g6 2. d4 Bg7 3. Nc3 d6 4. Nf3 a6 5. h3 b5 6. Bd3 Bb7 7. O-O Nd7 8. Re1 e5
9. Bg5 Ngf6 10. Nd5 O-O 11. Qd2 exd4 12. Nxd4 c5 13. Nf3 Bxd5 14. exd5 Nb6 15.
Rad1 Qd7 16. Bxf6 Bxf6 17. c3 Rfe8 18. h4 Qg4 19. h5 Qxh5 20. Qf4 Be5 21. Nxe5
Rxe5 22. g4 Qh4 23. Rxe5 dxe5 24. Qf3 Rd8 25. Be4 Qg5 26. Kf1 Rd6 27. Ke2 Rf6
28. Qg2 Nc4 29. Rh1 Qd2+ 0-1

[Event "HET 2003"]
[Site "HET 2003"]
[Date "2003.11.15"]
[Round "6.11"]
[White "Marquardt, Rolf"]
[Black "Milajev, Mihail"]
[Result "1/2-1/2"]
[WhiteElo "1829"]
[BlackElo "2155"]
[PlyCount "41"]
[EventDate "2003.??.??"]

1. d4 Nf6 2. Bg5 g6 3. Bxf6 exf6 4. e4 d5 5. exd5 Qxd5 6. c3 Bg7 7. Nf3 O-O 8.
Be2 Nc6 9. O-O Ne7 10. Nbd2 c6 11. Re1 Bg4 12. h3 Bxf3 13. Bxf3 Qd7 14. Nf1
Rad8 15. Qb3 Bh6 16. Qa3 Nc8 17. Re2 Rfe8 18. Rae1 Rxe2 19. Rxe2 Re8 20. Qb3
Rxe2 21. Bxe2 {(=)} 1/2-1/2

[Event "HET 2003"]
[Site "HET 2003"]
[Date "2003.11.15"]
[Round "6.12"]
[White "Klawitter, Bernd"]
[Black "Schulz, Hans-Juergen"]
[Result "1/2-1/2"]
[WhiteElo "1546"]
[BlackElo "2093"]
[PlyCount "26"]
[EventDate "2003.??.??"]

1. e4 e5 2. d4 exd4 3. Qxd4 Nc6 4. Qe3 Nf6 5. Bd2 Ng4 6. Qg3 d5 7. h3 Bd6 8. f4
Nf6 9. exd5 Nd4 10. Bd3 O-O 11. Nc3 Re8+ 12. Nge2 Bb4 13. O-O-O Nxe2+ 1/2-1/2

[Event "HET 2003"]
[Site "HET 2003"]
[Date "2003.11.15"]
[Round "6.13"]
[White "Broschk, Matthias"]
[Black "Sellack, Helmut"]
[Result "1-0"]
[WhiteElo "1735"]
[BlackElo "1884"]
[PlyCount "95"]
[EventDate "2003.??.??"]

1. e4 e6 2. d4 d5 3. Nc3 Bb4 4. e5 c5 5. a3 Bxc3+ 6. bxc3 Qc7 7. Bd3 Nc6 8. Qg4
f5 9. exf6 Nxf6 10. Qh4 Bd7 11. Bg6+ Ke7 12. Bd3 Qa5 13. Bd2 Qa4 14. Kd1 b5 15.
Nf3 a6 16. Qg5 Rhg8 17. Bxh7 cxd4 18. Bxg8 Rxg8 19. cxd4 Kd8 20. Qh4 Kc8 21.
Re1 Kb7 22. Re3 Rc8 23. Rc1 Qc4 24. Ke1 Qa2 25. Qg5 Ne4 26. Qxg7 Rc7 27. Rd3
Be8 28. Qh6 Rf7 29. h4 Rf6 30. Qh8 Bg6 31. h5 Bf5 32. h6 Rg6 33. Nh4 Rg4 34.
Nxf5 exf5 35. g3 Nd6 36. h7 Re4+ 37. Kf1 Qc4 38. Qg7+ Kb6 39. h8=Q Rxd4 40. Be3
Ka5 41. Bxd4 Ne4 42. Qc7+ Ka4 43. Kg2 f4 44. gxf4 a5 45. Qh6 Nc3 46. Qhxc6 Ne2
47. Qxc4+ dxc4 48. Rdd1 1-0

[Event "HET 2003"]
[Site "HET 2003"]
[Date "2003.11.15"]
[Round "6.14"]
[White "Krupa, Boguslaw"]
[Black "Harms, Peter"]
[Result "1-0"]
[WhiteElo "1906"]
[BlackElo "1504"]
[PlyCount "89"]
[EventDate "2003.??.??"]

1. e4 c6 2. d4 d5 3. Nc3 e6 4. Nf3 Bb4 5. e5 Bxc3+ 6. bxc3 Nd7 7. Bd3 c5 8. O-O
c4 9. Be2 h6 10. Bd2 Ne7 11. Nh4 Nc6 12. g3 g5 13. Ng2 O-O 14. f4 f6 15. fxg5
fxg5 16. Bg4 Ndxe5 17. Rxf8+ Qxf8 18. dxe5 Nxe5 19. Qe2 Nxg4 20. Qxg4 e5 21.
Qh5 Qg7 22. Rf1 Be6 23. Ne3 Rf8 24. Rxf8+ Kxf8 25. Ng4 Bxg4 26. Qxg4 Qf7 27.
Kg2 Kg7 28. h4 Qg6 29. hxg5 h5 30. Qd7+ Qf7 31. Qxf7+ Kxf7 32. Be3 a6 33. a4
Kg6 34. a5 Kf5 35. Kf3 Kg6 36. g4 e4+ 37. Kg3 hxg4 38. Kxg4 Kg7 39. Kf5 Kf7 40.
g6+ Kg8 41. Kf6 Kf8 42. g7+ Kg8 43. Kg6 d4 44. cxd4 c3 45. d5 1-0

[Event "HET 2003"]
[Site "HET 2003"]
[Date "2003.11.15"]
[Round "6.20"]
[White "Rose, Sven"]
[Black "Jaeger, Julian"]
[Result "1-0"]
[WhiteElo "1622"]
[BlackElo "1264"]
[PlyCount "51"]
[EventDate "2003.??.??"]

1. Nf3 Nc6 2. d4 d5 3. c4 e6 4. Nc3 Nf6 5. Bg5 Be7 6. e3 O-O 7. Rc1 Re8 8. Bd3
h6 9. Bh4 g6 10. O-O Ng4 11. Bxe7 Rxe7 12. a3 f5 13. h3 Nf6 14. b4 e5 15. dxe5
Nxe5 16. cxd5 Nxd3 17. Qxd3 c6 18. Rfd1 Rd7 19. d6 Ne8 20. Qc4+ Kg7 21. Ne5
Nxd6 22. Qe6 Re7 23. Qxg6+ Kh8 24. Qf6+ Kg8 25. Rxd6 Qc7 26. Ng6 1-0